Batman: the Animated Series - Characters by Picture - Statistics

General Stats
  • This quiz has been taken 408 times
  • The average score is 21 of 36
Answer Stats
Picture Answer % Correct
Batman
100%
The Joker
100%
Catwoman
99%
Robin
97%
The Penguin
94%
Batgirl
93%
Alfred Pennyworth
92%
Two-Face
92%
Harley Quinn
91%
The Riddler
91%
Poison Ivy
90%
The Scarecrow
87%
James Gordon
84%
Bane
82%
Mr. Freeze
81%
Clayface
69%
Man-Bat
68%
Ra's al Ghul
65%
The Mad Hatter
61%
Killer Croc
51%
Zatanna
45%
Dr. Hugo Strange
44%
Talia
43%
Maxie Zeus
39%
Scarface
35%
The Ventriloquist
28%
Harvey Bullock
27%
The Clock King
24%
Renee Montoya
20%
Baby Doll
18%
The Gray Ghost
17%
Rupert Thorne
15%
Red Claw
11%
Vertigo
10%
The Sewer King
9%
Summer Gleeson
8%
No matching quizzes found
Score Distribution
Percent of People with Each Score
Percentile by Number Answered
Your Score History
You have not taken this quiz